000 00396nam a2200157Ia 4500
008 231221s9999 xx 000 0 und d
041 _aEnglish
082 _a001.6424JAV FOR;
100 _aFord, Jerry Lee Jr
245 0 _aLearn Java script in a week end
260 _c2001
_bPHI
_aNew Delhi
300 _axix+386
300 _c35462
650 _aLearn,Java,script,week,end
942 _cCD
999 _c203201
_d203201